[Event "Eastern Asia-ch U12"]
[Site "Tornelo INT"]
[Date "2021.10.29"]
[Round "1"]
[White "Arul Prakash, N."]
[Black "Mohd Faizal, Muhd Harris Halief"]
[Result "1-0"]
[WhiteElo "1572"]
[BlackElo "1079"]
[PlyCount "121"]
[EventDate "2021.10.29"]
[EventType "swiss"]
[EventRounds "9"]
[EventCountry "NET"]
[SourceTitle "EXT 2023"]
[Source "ChessBase"]
[SourceDate "2022.10.05"]
[SourceVersion "1"]
[SourceVersionDate "2022.10.05"]
[SourceQuality "1"]

1. e4 c5 2. Nf3 d6 3. c4 a6 4. d4 cxd4 5. Nxd4 Nf6 6. Nc3 e6 7. Be3 Be7 8. Be2 Nbd7 9. 0-0 0-0 10. Qd2 Nc5 11. f3 Qc7 12. b4 Ncd7 13. Nb3 Rd8 14. a4 d5 15. exd5 exd5 16. c5 Nf8 17. Nd4 Ne6 18. Rac1 Nxd4 19. Qxd4 Be6 20. Bf4 Qd7 21. Be5 h6 22. b5 axb5 23. Bxb5 Qc8 24. Ne2 Bd7 25. Kh1 Bxb5 26. axb5 Ra5 27. Qb4 Ra8 28. Bd4 Qf5 29. Qb3 Qd7 30. c6 bxc6 31. bxc6 Qe6 32. Rfe1 Qc8 33. Ng3 Bd6 34. Bxf6 gxf6 35. Ne2 Qc7 36. g3 Ra3 37. Qb7 Rxf3 38. Nd4 Ra3 39. Qxc7 Bxc7 40. Nb5 Bd6 41. Nxa3 Bxa3 42. Rc2 Rc8 43. Rb1 Bd6 44. Rd1 Kf8 45. Rxd5 Be5 46. Kg2 Ke8 47. Kf3 Kf8 48. Ke4 Ke8 49. Kf5 Kf8 50. Rd7 Ke8 51. Rb7 Kd8 52. Rxf7 Ke8 53. Rh7 Kd8 54. Rh8+ Kc7 55. Rxc8+ Kxc8 56. Kg6 Kc7 57. Kxh6 Kc8 58. Kg6 Kc7 59. h4 Bxg3 60. h5 Bf4 61. h6 1-0

[Event "Commonwealth-ch U10"]
[Site "New Delhi"]
[Date "2019.07.02"]
[Round "2.1"]
[White "Ilamparthi, AR."]
[Black "Arul Prakash, N."]
[Result "1-0"]
[WhiteElo "2036"]
[BlackElo "1482"]
[PlyCount "67"]
[EventDate "2019.07.01"]
[EventType "swiss"]
[EventRounds "7"]
[EventCountry "IND"]
[SourceTitle "EXT 2024"]
[Source "ChessBase"]
[SourceDate "2023.10.10"]
[SourceVersion "1"]
[SourceVersionDate "2023.10.10"]
[SourceQuality "1"]

1. d4 Nf6 2. Nc3 d5 3. Bf4 Bf5 4. Nb5 Na6 5. e3 c6 6. Nc3 Nc7 7. Nf3 e6 8. Be2 Bd6 9. Ne5 Qe7 10. g4 Bg6 11. h4 h6 12. Nxg6 fxg6 13. Qd3 Kf7 14. Bxd6 Qxd6 15. f4 c5 16. dxc5 Qxc5 17. g5 Nd7 18. h5 gxh5 19. Bxh5+ Kg8 20. Rg1 hxg5 21. Rxg5 Nf6 22. Rxg7+ Kf8 23. Qg6 Qe7 24. Rxe7 Kxe7 25. Qg7+ Kd6 26. Qxf6 Rxh5 27. 0-0-0 Rah8 28. Ne4+ Kc6 29. Qc3+ Kd7 30. Nf6+ Kd6 31. e4 Rh3 32. e5+ Ke7 33. Qxc7+ Kf8 34. Rg1 1-0